01420nam a22002177a 450000500170000000800410001702000150005804000070007304100080008008200220008810000190011024500640012926000390019330000300023236500150026250000220027752008420029965000220114165100180116370000210118120210927044846.0210927b ||||| |||| 00| 0 eng d a0312291051 cAL aeng 223a322.420bLEVT aDaniel Levitas aThe Terrorist Next DoorbThe Movement and the Radical Right aNew YorkbThomas Dunne Booksc2002 avii,520 p.bHBc24x16 cm. f2013/03/24 aPolitical Science aSeptember 11, 2001, focused America's attention on the terrorist threat from abroad, but as the World Trade Center towers collapsed, domestic right-wing hate groups were celebrating in the United States. "Hallelu-Yahweh! May the WAR be started! DEATH to His enemies, may the World Trade Center BURN TO THE GROUND!" announced August Kreis of the paramilitary group, the Posse Comitatus. "We can blame no others than ourselves for our problems due to the fact that we allow ...Satan's children, called jews (sic) today, to have dominion over our lives." The Terrorist Next Door reveals the men behind far right groups like the Posse Comitatus - Latin for "power of the county" -- and the ideas that inspired their attempts to bring about a racist revolution in the United States. uhttps://www.kobo.com/us/en/ebook/the-terrorist-next-door aMilitia Movements aUnited States aLEVITAS (Daniel)